|
|
|
|
| LEADER |
00877nab a2200205 i 4500 |
| 001 |
misc48239 |
| 005 |
20211025161001.0 |
| 008 |
200414s1984 hu o 0|| hun d |
| 022 |
|
|
|a 0522-7232
|
| 040 |
|
|
|a SZTE Miscellanea Repozitórium
|b hun
|
| 041 |
|
|
|a hun
|
| 100 |
1 |
|
|a Dusnoki József
|
| 245 |
1 |
0 |
|a Szeged története I. A kezdetektől 1686-ig. Szerkesztette
|h [elektronikus dokumentum] :
|b Kristó Gyula, Szeged, 1983. 810 oldal és mellékletek [könyvismertetés] /
|c Dusnoki József
|
| 260 |
|
|
|a Békés megyei Tanács Művelődésügyi Osztálya
|b Békéscsaba
|c 1984
|
| 300 |
|
|
|a 389-391
|
| 490 |
0 |
|
|a Békési Élet : közművelődési és tudományos folyóirat
|v 19 No. 3
|
| 561 |
|
|
|a Kristó Gyula újságkivágatok
|
| 695 |
|
|
|a Szeged története - könyvismertetés
|
| 700 |
0 |
1 |
|a Kristó Gyula
|
| 856 |
4 |
0 |
|u http://misc.bibl.u-szeged.hu/48239/1/106.pdf
|z Dokumentum-elérés
|